| 000 | 01437nam a2200241Ia 4500 | ||
|---|---|---|---|
| 003 | Ost | ||
| 005 | 20260507075546.0 | ||
| 008 | 260507s9999||||xx |||||||||||||| ||und|| | ||
| 020 | _a9774280237 | ||
| 040 | _cfsecg | ||
| 041 | _aara | ||
| 082 | _a342.04 | ||
| 100 |
_aالصيرفي، محمد عبد الفتاح _eمؤلف |
||
| 245 | 0 |
_aبحوث إدارية محكمة : _bالمسؤولية الإجتماعية للصفوة الإدارية / _c محمد عبد الفتاح الصيرفي |
|
| 260 |
_aالاسكندرية: _bدار الوفاء لدينا للنشر والتوزيع, _c2006 |
||
| 300 |
_a179 صفحة؛ _bإيضاحات ؛ _c24 سم |
||
| 520 | _aيضم المسؤولية الإجتماعية للصفوة الإدارية المصرية دراسة تطبيقية، الإنفاق التدريبي وأثره على تسرب الموظفين دراسة تطبيقية على العاملين، دور منظمات الأعمال في تحقيق التوازن بين عوائد وتكاليف الرقابة على التلوث البترولي للمياه الإقليمية بالبحر الأحمر، مشكلات العملية التخطيطية لوحدات القطاع الحكومي | ||
| 653 | _aالبحوث الإدارية | ||
| 653 | _aالمسؤولية الإجتماعية | ||
| 653 | _aالمسؤولية الإدارية | ||
| 653 | _aصفوة المجتمع | ||
| 942 | _cكتاب | ||
| 999 |
_c44891 _d44891 |
||